Význam a využitie knihovnícko-bibliografického triedenia v knižničnej praxi zborník zo seminára konaného dňa 22. septembra 1981 v Bratislave

Salvato in:
Dettagli Bibliografici
Natura: Libro
Lingua:slovacco
Pubblicazione: Bratislava Univerzitná knižnica v Bratislave 1981
Tags: Aggiungi Tag
Nessun Tag, puoi essere il primo ad aggiungerne!!

MARC

LEADER 00000nam a2200000 4500
001 c129613
005 20181203150428.0
041 0 |a slo 
044 |a SK 
245 1 0 |a Význam a využitie knihovnícko-bibliografického triedenia v knižničnej praxi  |b zborník zo seminára konaného dňa 22. septembra 1981 v Bratislave 
264 1 |a Bratislava  |b Univerzitná knižnica v Bratislave  |c 1981 
300 |a 96 s.